{"text_format":"3","workbook":"xlsx","n_sheets":10,"sheets":["S1","S2","S3","S4","S5","S6","S7","S8","S9","S10"],"read":"whole","date_system":"1900"}

{"sheet":"S1","index":0,"n_rows":12,"n_cols":22,"rows_kept":12,"merged":[[0,0,0,21]]}
["Table S1.  Detailed information of instrumental variables used in causality estimate between Frailty index and osteoporosis risk."]
["SNP","exposure","outcome","chr","pos","effect_allele","other_allele","beta.exposure","beta.outcome","eaf.exposure","eaf.outcome","se.exposure","pval.exposure","se.outcome","pval.outcome","palindromic","ambiguous","samplesize.exposure","samplesize.outcome","mr_keep","R2","F statistics"]
["rs10891490","Frailty index","Osteoporosis",11,112885527,"C","T",-0.0188,-0.000439124,0.5915,0.582807,0.0034,{"v":2e-8,"d":"2.00E-08"},0.000258357,0.0949992,false,false,175226,484598,true,{"$f":"H3*H3/(H3*H3+L3*L3*R3)","v":0.00017445505008475},{"$f":"U3*(R3-2)/(1-U3)","v":30.5740454926879}]
["rs1363103","Frailty index","Osteoporosis",5,103917837,"C","T",-0.0191,-0.000372955,0.38,0.374512,0.0034,{"v":2.22802e-8,"d":"2.23E-08"},0.000262392,0.16,false,false,175226,484598,true,{"$f":"H4*H4/(H4*H4+L4*L4*R4)","v":0.000180066177145898},{"$f":"U4*(R4-2)/(1-U4)","v":31.557598280295}]
["rs17612102","Frailty index","Osteoporosis",15,52264094,"C","T",0.0187,{"v":-3.39065e-5,"d":"-3.39E-05"},0.5933,0.600036,0.0034,{"v":2.84898e-8,"d":"2.85E-08"},0.000259048,0.96,false,false,175226,484598,true,0.000172604400698977,30.2496547316038]
["rs2071207","Frailty index","Osteoporosis",3,50159844,"C","T",-0.0187,-0.000336735,0.478,0.486306,0.0033,{"v":1.467e-8,"d":"1.47E-08"},0.000254613,0.18,false,false,175226,484598,true,0.000183221825840364,32.1107446003067]
["rs2396766","Frailty index","Osteoporosis",7,114318071,"A","G",0.0201,0.000300704,0.4725,0.458371,0.0033,{"v":1.22e-9,"d":"1.22E-09"},0.000256212,0.25,false,false,175226,484598,true,0.000211677037143921,37.0987501100114]
["rs4146140","Frailty index","Osteoporosis",10,61885362,"T","C",-0.0198,{"v":-4.06035e-5,"d":"-4.06E-05"},0.3811,0.373979,0.0034,{"v":6.827e-9,"d":"6.83E-09"},0.000264712,0.89,false,false,175226,484598,true,0.000193504002903054,33.9131077267807]
["rs4952693","Frailty index","Osteoporosis",2,44151808,"T","C",-0.0194,-0.000200442,0.3734,0.386749,0.0034,{"v":1.46899e-8,"d":"1.47E-08"},0.000263426,0.43,false,false,175226,484598,true,0.000185766070231026,32.5567218244342]
["rs56299474","Frailty index","Osteoporosis",8,21992804,"A","C",0.0241,0.000183307,0.1733,0.176749,0.0044,{"v":3.94103e-8,"d":"3.94E-08"},0.00033237,0.62,false,false,175226,484598,true,0.000171181109009139,30.0001741080916]
["rs583514","Frailty index","Osteoporosis",3,173114167,"C","T",0.0199,{"v":-4.42958e-6,"d":"-4.43E-06"},0.5111,0.515643,0.0033,{"v":1.64999e-9,"d":"1.65E-09"},0.000253527,0.95,false,false,175226,484598,true,0.000207486386080027,36.3641395783907]
["rs8089807","Frailty index","Osteoporosis",18,39322639,"T","C",-0.0248,-0.00031384,0.1866,0.186437,0.0043,{"v":6.49905e-9,"d":"6.50E-09"},0.000326978,0.31,false,false,175226,484598,true,0.000189795306514884,33.2630059511741]

{"sheet":"S2","index":1,"n_rows":12,"n_cols":22,"rows_kept":12,"merged":[[0,0,0,21]]}
["Table S2.  Detailed information of instrumental variables used in causality estimate between Frailty index and Heel bone mineral density."]
["SNP","exposure","outcome","chr","pos","effect_allele","other_allele","beta.exposure","beta.outcome","eaf.exposure","eaf.outcome","se.exposure","pval.exposure","se.outcome","pval.outcome","palindromic","ambiguous","samplesize.exposure","samplesize.outcome","mr_keep","R2","F statistics"]
["rs17612102","Frailty index","Heel bone mineral density",15,52264094,"C","T",0.0187,0.00448485,0.5933,0.594501,0.0034,{"v":2.84898e-8,"d":"2.85E-08"},0.00191498,0.017,false,false,175226,583314,true,{"$f":"H3*H3/(H3*H3+L3*L3*R3)","v":0.000172604400698977},{"$f":"U3*(R3-2)/(1-U3)","v":30.2496547316038}]
["rs2396766","Frailty index","Heel bone mineral density",7,114318071,"A","G",0.0201,0.00291739,0.4725,0.469997,0.0033,{"v":1.22e-9,"d":"1.22E-09"},0.00185324,0.1,false,false,175226,583314,true,{"$f":"H4*H4/(H4*H4+L4*L4*R4)","v":0.000211677037143921},{"$f":"U4*(R4-2)/(1-U4)","v":37.0987501100114}]
["rs374943348","Frailty index","Heel bone mineral density",6,32619856,"A","T",0.0274,0.00545486,0.3605,0.365514,0.0039,{"v":3.22775e-12,"d":"3.23E-12"},0.00275725,0.04,true,false,175226,583314,true,0.000281611927226131,49.3590684386606]
["rs3959554","Frailty index","Heel bone mineral density",15,41443924,"G","A",0.0189,0.00338481,0.4177,0.420986,0.0034,{"v":1.74e-8,"d":"1.74E-08"},0.00190443,0.0539995,false,false,175226,583314,true,0.000176315562694699,30.9001663378312]
["rs4146140","Frailty index","Heel bone mineral density",10,61885362,"T","C",-0.0198,{"v":-7.02452e-5,"d":"-7.02E-05"},0.3811,0.382925,0.0034,{"v":6.827e-9,"d":"6.83E-09"},0.00193085,0.92,false,false,175226,583314,true,0.000193504002903054,33.9131077267807]
["rs4952693","Frailty index","Heel bone mineral density",2,44151808,"T","C",-0.0194,-0.000546499,0.3734,0.373872,0.0034,{"v":1.46899e-8,"d":"1.47E-08"},0.00191739,0.84,false,false,175226,583314,true,0.000185766070231026,32.5567218244342]
["rs583514","Frailty index","Heel bone mineral density",3,173114167,"C","T",0.0199,0.00176157,0.5111,0.512334,0.0033,{"v":1.64999e-9,"d":"1.65E-09"},0.00186979,0.52,false,false,175226,583314,true,0.000207486386080027,36.3641395783907]
["rs8089807","Frailty index","Heel bone mineral density",18,39322639,"T","C",-0.0248,-0.00427164,0.1866,0.187216,0.0043,{"v":6.49905e-9,"d":"6.50E-09"},0.00242093,0.0490004,false,false,175226,583314,true,0.000189795306514884,33.2630059511741]
["rs82334","Frailty index","Heel bone mineral density",4,3225371,"C","A",-0.0223,0.000530841,0.3177,0.315664,0.0035,{"v":3.13098e-10,"d":"3.13E-10"},0.00200965,0.54,false,false,175226,583314,true,0.000231619162894,40.5946386951708]
["rs9275160","Frailty index","Heel bone mineral density",6,32652620,"A","G",0.0382,0.00218473,0.3397,0.342481,0.0035,{"v":7.17629e-28,"d":"7.18E-28"},0.0028054,0.34,false,false,175226,583314,true,0.000679355271158443,119.120273018844]

{"sheet":"S3","index":2,"n_rows":16,"n_cols":22,"rows_kept":16,"merged":[[0,0,0,21]]}
["Table S3.  Detailed information of instrumental variables used in causality estimate between Frailty index and Fracture risk."]
["SNP","exposure","outcome","chr","pos","effect_allele","other_allele","beta.exposure","beta.outcome","eaf.exposure","eaf.outcome","se.exposure","pval.exposure","se.outcome","pval.outcome","palindromic","ambiguous","samplesize.exposure","samplesize.outcome","mr_keep","R2","F statistics"]
["rs10891490","Frailty index","Fracture",11,112885527,"C","T",-0.0188,-0.015284,0.5915,0.593917,0.0034,{"v":2e-8,"d":"2.00E-08"},0.00666,0.024,false,false,175226,426795,true,{"$f":"H3*H3/(H3*H3+L3*L3*R3)","v":0.00017445505008475},{"$f":"U3*(R3-2)/(1-U3)","v":30.5740454926879}]
["rs12739243","Frailty index","Fracture",1,210302043,"C","T",-0.0242,-0.006943,0.2206,0.218219,0.004,{"v":1.28e-9,"d":"1.28E-09"},0.007933,0.36,false,false,175226,426796,true,{"$f":"H4*H4/(H4*H4+L4*L4*R4)","v":0.000208843754902019},{"$f":"U4*(R4-2)/(1-U4)","v":36.6020822252405}]
["rs1363103","Frailty index","Fracture",5,103917837,"C","T",-0.0191,-0.011946,0.38,0.378709,0.0034,{"v":2.23e-8,"d":"2.23E-08"},0.006756,0.07,false,false,175226,426797,true,0.000180066177145898,31.557598280295]
["rs17612102","Frailty index","Fracture",15,52264094,"C","T",0.0187,0.004783,0.5933,0.594462,0.0034,{"v":2.85e-8,"d":"2.85E-08"},0.006669,0.53,false,false,175226,426798,true,0.000172604400698977,30.2496547316038]
["rs2071207","Frailty index","Fracture",3,50159844,"C","T",-0.0187,0.002504,0.478,0.474445,0.0033,{"v":1.47e-8,"d":"1.47E-08"},0.006548,0.69,false,false,175226,426799,true,0.000183221825840364,32.1107446003067]
["rs2396766","Frailty index","Fracture",7,114318071,"A","G",0.0201,-0.007804,0.4725,0.473615,0.0033,{"v":1.22e-9,"d":"1.22E-09"},0.006556,0.25,false,false,175226,426800,true,0.000211677037143921,37.0987501100114]
["rs374943348","Frailty index","Fracture",6,32619856,"A","T",0.0274,-0.001472,0.3605,0.366229,0.0039,{"v":3.23e-12,"d":"3.23E-12"},0.007699,0.83,true,false,175226,426801,true,0.000281611927226131,49.3590684386606]
["rs3959554","Frailty index","Fracture",15,41443924,"G","A",0.0189,0.000514,0.4177,0.420656,0.0034,{"v":1.74e-8,"d":"1.74E-08"},0.006634,0.91,false,false,175226,426802,true,0.000176315562694699,30.9001663378312]
["rs4146140","Frailty index","Fracture",10,61885362,"T","C",-0.0198,0.000917,0.3811,0.383054,0.0034,{"v":6.83e-9,"d":"6.83E-09"},0.00677,0.9,false,false,175226,426803,true,0.000193504002903054,33.9131077267807]
["rs56299474","Frailty index","Fracture",8,21992804,"A","C",0.0241,0.011132,0.1733,0.173467,0.0044,{"v":3.94e-8,"d":"3.94E-08"},0.008647,0.22,false,false,175226,426804,true,0.000171181109009139,30.0001741080916]
["rs583514","Frailty index","Fracture",3,173114167,"C","T",0.0199,0.009399,0.5111,0.511864,0.0033,{"v":1.65e-9,"d":"1.65E-09"},0.006546,0.18,false,false,175226,426805,true,0.000207486386080027,36.3641395783907]
["rs8089807","Frailty index","Fracture",18,39322639,"T","C",-0.0248,-0.012399,0.1866,0.186758,0.0043,{"v":6.5e-9,"d":"6.50E-09"},0.00843,0.19,false,false,175226,426806,true,0.000189795306514884,33.2630059511741]
["rs82334","Frailty index","Fracture",4,3225371,"C","A",-0.0223,0.001998,0.3177,0.316854,0.0035,{"v":3.13e-10,"d":"3.13E-10"},0.007032,0.8,false,false,175226,426807,true,0.000231619162894,40.5946386951708]
["rs9275160","Frailty index","Fracture",6,32652620,"A","G",0.0382,0.002905,0.3397,0.33998,0.0035,{"v":7.18e-28,"d":"7.18E-28"},0.006914,0.64,false,false,175226,426808,true,0.000679355271158443,119.120273018844]

{"sheet":"S4","index":3,"n_rows":17,"n_cols":22,"rows_kept":17,"merged":[[0,0,0,21]]}
["Table S4.  Detailed information of instrumental variables used in causality estimate between Frailty index and Fractured bone site(s): Ankle."]
["SNP","exposure","outcome","chr","pos","effect_allele","other_allele","beta.exposure","beta.outcome","eaf.exposure","eaf.outcome","se.exposure","pval.exposure","se.outcome","pval.outcome","palindromic","ambiguous","samplesize.exposure","samplesize.outcome","mr_keep","R2","F statistics"]
["rs10891490","Frailty index","Fractured bone site(s): Ankle",11,112885527,"C","T",-0.0188,-0.000320094,0.5915,0.593075,0.0034,{"v":2e-8,"d":"2.00E-08"},0.000250012,0.2,false,false,175226,460340,true,{"$f":"H3*H3/(H3*H3+L3*L3*R3)","v":0.00017445505008475},{"$f":"U3*(R3-2)/(1-U3)","v":30.5740454926879}]
["rs12739243","Frailty index","Fractured bone site(s): Ankle",1,210302043,"C","T",-0.0242,-0.000179554,0.2206,0.218151,0.004,{"v":1.279e-9,"d":"1.28E-09"},0.000297998,0.55,false,false,175226,460340,true,{"$f":"H4*H4/(H4*H4+L4*L4*R4)","v":0.000208843754902019},{"$f":"U4*(R4-2)/(1-U4)","v":36.6020822252405}]
["rs1363103","Frailty index","Fractured bone site(s): Ankle",5,103917837,"C","T",-0.0191,-0.000431846,0.38,0.379212,0.0034,{"v":2.22802e-8,"d":"2.23E-08"},0.000253596,0.089,false,false,175226,460340,true,0.000180066177145898,31.557598280295]
["rs17612102","Frailty index","Fractured bone site(s): Ankle",15,52264094,"C","T",0.0187,0.000423551,0.5933,0.594697,0.0034,{"v":2.84898e-8,"d":"2.85E-08"},0.000250445,0.0909997,false,false,175226,460340,true,0.000172604400698977,30.2496547316038]
["rs2071207","Frailty index","Fractured bone site(s): Ankle",3,50159844,"C","T",-0.0187,-0.000158801,0.478,0.478037,0.0033,{"v":1.467e-8,"d":"1.47E-08"},0.000245604,0.52,false,false,175226,460340,true,0.000183221825840364,32.1107446003067]
["rs2396766","Frailty index","Fractured bone site(s): Ankle",7,114318071,"A","G",0.0201,0.000162688,0.4725,0.469324,0.0033,{"v":1.22e-9,"d":"1.22E-09"},0.00024604,0.51,false,false,175226,460340,true,0.000211677037143921,37.0987501100114]
["rs374943348","Frailty index","Fractured bone site(s): Ankle",6,32619856,"A","T",0.0274,-0.000336782,0.3605,0.36527,0.0039,{"v":3.22775e-12,"d":"3.23E-12"},0.000289351,0.24,true,false,175226,460340,true,0.000281611927226131,49.3590684386606]
["rs3959554","Frailty index","Fractured bone site(s): Ankle",15,41443924,"G","A",0.0189,{"v":8.18822e-5,"d":"8.19E-05"},0.4177,0.421112,0.0034,{"v":1.74e-8,"d":"1.74E-08"},0.000249055,0.74,false,false,175226,460340,true,0.000176315562694699,30.9001663378312]
["rs4146140","Frailty index","Fractured bone site(s): Ankle",10,61885362,"T","C",-0.0198,0.000288066,0.3811,0.382746,0.0034,{"v":6.827e-9,"d":"6.83E-09"},0.000254234,0.26,false,false,175226,460340,true,0.000193504002903054,33.9131077267807]
["rs4952693","Frailty index","Fractured bone site(s): Ankle",2,44151808,"T","C",-0.0194,-0.000162657,0.3734,0.374267,0.0034,{"v":1.46899e-8,"d":"1.47E-08"},0.000254397,0.52,false,false,175226,460340,true,0.000185766070231026,32.5567218244342]
["rs56299474","Frailty index","Fractured bone site(s): Ankle",8,21992804,"A","C",0.0241,0.000151225,0.1733,0.174613,0.0044,{"v":3.94103e-8,"d":"3.94E-08"},0.000323828,0.64,false,false,175226,460340,true,0.000171181109009139,30.0001741080916]
["rs583514","Frailty index","Fractured bone site(s): Ankle",3,173114167,"C","T",0.0199,0.000568469,0.5111,0.512385,0.0033,{"v":1.64999e-9,"d":"1.65E-09"},0.000245857,0.021,false,false,175226,460340,true,0.000207486386080027,36.3641395783907]
["rs8089807","Frailty index","Fractured bone site(s): Ankle",18,39322639,"T","C",-0.0248,-0.000475245,0.1866,0.187466,0.0043,{"v":6.49905e-9,"d":"6.50E-09"},0.000316132,0.13,false,false,175226,460340,true,0.000189795306514884,33.2630059511741]
["rs82334","Frailty index","Fractured bone site(s): Ankle",4,3225371,"C","A",-0.0223,{"v":-9.78615e-5,"d":"-9.79E-05"},0.3177,0.315357,0.0035,{"v":3.13098e-10,"d":"3.13E-10"},0.000264417,0.709999,false,false,175226,460340,true,0.000231619162894,40.5946386951708]
["rs9275160","Frailty index","Fractured bone site(s): Ankle",6,32652620,"A","G",0.0382,{"v":-6.15718e-5,"d":"-6.16E-05"},0.3397,0.342763,0.0035,{"v":7.17629e-28,"d":"7.18E-28"},0.000258552,0.81,false,false,175226,460340,true,0.000679355271158443,119.120273018844]

{"sheet":"S5","index":4,"n_rows":17,"n_cols":22,"rows_kept":17,"merged":[[0,0,0,21]]}
["Table S5.  Detailed information of instrumental variables used in causality estimate between Frailty index and Fractured bone site(s): Arm."]
["SNP","exposure","outcome","chr","pos","effect_allele","other_allele","beta.exposure","beta.outcome","eaf.exposure","eaf.outcome","se.exposure","pval.exposure","se.outcome","pval.outcome","palindromic","ambiguous","samplesize.exposure","samplesize.outcome","mr_keep","R2","F statistics"]
["rs10891490","Frailty index","Fractured bone site(s): Arm",11,112885527,"C","T",-0.0188,-0.000298504,0.5915,0.593075,0.0034,{"v":2e-8,"d":"2.00E-08"},0.000213735,0.16,false,false,175226,460340,true,{"$f":"H3*H3/(H3*H3+L3*L3*R3)","v":0.00017445505008475},{"$f":"U3*(R3-2)/(1-U3)","v":30.5740454926879}]
["rs12739243","Frailty index","Fractured bone site(s): Arm",1,210302043,"C","T",-0.0242,{"v":-9.12863e-5,"d":"-9.13E-05"},0.2206,0.218151,0.004,{"v":1.279e-9,"d":"1.28E-09"},0.000254758,0.719999,false,false,175226,460340,true,{"$f":"H4*H4/(H4*H4+L4*L4*R4)","v":0.000208843754902019},{"$f":"U4*(R4-2)/(1-U4)","v":36.6020822252405}]
["rs1363103","Frailty index","Fractured bone site(s): Arm",5,103917837,"C","T",-0.0191,-0.000344551,0.38,0.379212,0.0034,{"v":2.22802e-8,"d":"2.23E-08"},0.000216798,0.11,false,false,175226,460340,true,0.000180066177145898,31.557598280295]
["rs17612102","Frailty index","Fractured bone site(s): Arm",15,52264094,"C","T",0.0187,{"v":-3.24302e-5,"d":"-3.24E-05"},0.5933,0.594697,0.0034,{"v":2.84898e-8,"d":"2.85E-08"},0.000214104,0.88,false,false,175226,460340,true,0.000172604400698977,30.2496547316038]
["rs2071207","Frailty index","Fractured bone site(s): Arm",3,50159844,"C","T",-0.0187,{"v":-5.65735e-5,"d":"-5.66E-05"},0.478,0.478037,0.0033,{"v":1.467e-8,"d":"1.47E-08"},0.000209967,0.79,false,false,175226,460340,true,0.000183221825840364,32.1107446003067]
["rs2396766","Frailty index","Fractured bone site(s): Arm",7,114318071,"A","G",0.0201,0.000177047,0.4725,0.469324,0.0033,{"v":1.22e-9,"d":"1.22E-09"},0.000210339,0.4,false,false,175226,460340,true,0.000211677037143921,37.0987501100114]
["rs374943348","Frailty index","Fractured bone site(s): Arm",6,32619856,"A","T",0.0274,0.00011762,0.3605,0.36527,0.0039,{"v":3.22775e-12,"d":"3.23E-12"},0.000247367,0.630001,true,false,175226,460340,true,0.000281611927226131,49.3590684386606]
["rs3959554","Frailty index","Fractured bone site(s): Arm",15,41443924,"G","A",0.0189,0.00036122,0.4177,0.421112,0.0034,{"v":1.74e-8,"d":"1.74E-08"},0.000212916,0.0899995,false,false,175226,460340,true,0.000176315562694699,30.9001663378312]
["rs4146140","Frailty index","Fractured bone site(s): Arm",10,61885362,"T","C",-0.0198,-0.000208298,0.3811,0.382746,0.0034,{"v":6.827e-9,"d":"6.83E-09"},0.000217344,0.34,false,false,175226,460340,true,0.000193504002903054,33.9131077267807]
["rs4952693","Frailty index","Fractured bone site(s): Arm",2,44151808,"T","C",-0.0194,{"v":3.63624e-5,"d":"3.64E-05"},0.3734,0.374267,0.0034,{"v":1.46899e-8,"d":"1.47E-08"},0.000217483,0.87,false,false,175226,460340,true,0.000185766070231026,32.5567218244342]
["rs56299474","Frailty index","Fractured bone site(s): Arm",8,21992804,"A","C",0.0241,-0.000248635,0.1733,0.174613,0.0044,{"v":3.94103e-8,"d":"3.94E-08"},0.000276838,0.37,false,false,175226,460340,true,0.000171181109009139,30.0001741080916]
["rs583514","Frailty index","Fractured bone site(s): Arm",3,173114167,"C","T",0.0199,-0.000294067,0.5111,0.512385,0.0033,{"v":1.64999e-9,"d":"1.65E-09"},0.000210184,0.16,false,false,175226,460340,true,0.000207486386080027,36.3641395783907]
["rs8089807","Frailty index","Fractured bone site(s): Arm",18,39322639,"T","C",-0.0248,0.000313623,0.1866,0.187466,0.0043,{"v":6.49905e-9,"d":"6.50E-09"},0.000270261,0.25,false,false,175226,460340,true,0.000189795306514884,33.2630059511741]
["rs82334","Frailty index","Fractured bone site(s): Arm",4,3225371,"C","A",-0.0223,{"v":-3.06589e-5,"d":"-3.07E-05"},0.3177,0.315357,0.0035,{"v":3.13098e-10,"d":"3.13E-10"},0.000226051,0.89,false,false,175226,460340,true,0.000231619162894,40.5946386951708]
["rs9275160","Frailty index","Fractured bone site(s): Arm",6,32652620,"A","G",0.0382,{"v":5.48271e-5,"d":"5.48E-05"},0.3397,0.342763,0.0035,{"v":7.17629e-28,"d":"7.18E-28"},0.000221036,0.8,false,false,175226,460340,true,0.000679355271158443,119.120273018844]

{"sheet":"S6","index":5,"n_rows":16,"n_cols":22,"rows_kept":16,"merged":[[0,0,0,21]]}
["Table S6.  Detailed information of instrumental variables used in causality estimate between Frailty index and Fractured bone site(s): Leg."]
["SNP","exposure","outcome","chr","pos","effect_allele","other_allele","beta.exposure","beta.outcome","eaf.exposure","eaf.outcome","se.exposure","pval.exposure","se.outcome","pval.outcome","palindromic","ambiguous","samplesize.exposure","samplesize.outcome","mr_keep","R2","F statistics"]
["rs10891490","Frailty index","Fractured bone site(s): Leg",11,112885527,"C","T",-0.0188,-0.000230953,0.5915,0.593075,0.0034,{"v":2e-8,"d":"2.00E-08"},0.0001705,0.18,false,false,175226,460340,true,{"$f":"H3*H3/(H3*H3+L3*L3*R3)","v":0.00017445505008475},{"$f":"U3*(R3-2)/(1-U3)","v":30.5740454926879}]
["rs1363103","Frailty index","Fractured bone site(s): Leg",5,103917837,"C","T",-0.0191,{"v":-5.619e-5,"d":"-5.62E-05"},0.38,0.379212,0.0034,{"v":2.22802e-8,"d":"2.23E-08"},0.000172945,0.75,false,false,175226,460340,true,{"$f":"H4*H4/(H4*H4+L4*L4*R4)","v":0.000180066177145898},{"$f":"U4*(R4-2)/(1-U4)","v":31.557598280295}]
["rs17612102","Frailty index","Fractured bone site(s): Leg",15,52264094,"C","T",0.0187,{"v":-9.66128e-5,"d":"-9.66E-05"},0.5933,0.594697,0.0034,{"v":2.84898e-8,"d":"2.85E-08"},0.000170795,0.57,false,false,175226,460340,true,0.000172604400698977,30.2496547316038]
["rs2071207","Frailty index","Fractured bone site(s): Leg",3,50159844,"C","T",-0.0187,0.000123657,0.478,0.478037,0.0033,{"v":1.467e-8,"d":"1.47E-08"},0.000167496,0.46,false,false,175226,460340,true,0.000183221825840364,32.1107446003067]
["rs2396766","Frailty index","Fractured bone site(s): Leg",7,114318071,"A","G",0.0201,0.00022923,0.4725,0.469324,0.0033,{"v":1.22e-9,"d":"1.22E-09"},0.000167792,0.17,false,false,175226,460340,true,0.000211677037143921,37.0987501100114]
["rs374943348","Frailty index","Fractured bone site(s): Leg",6,32619856,"A","T",0.0274,0.000117124,0.3605,0.36527,0.0039,{"v":3.22775e-12,"d":"3.23E-12"},0.00019733,0.55,true,false,175226,460340,true,0.000281611927226131,49.3590684386606]
["rs3959554","Frailty index","Fractured bone site(s): Leg",15,41443924,"G","A",0.0189,-0.000110691,0.4177,0.421112,0.0034,{"v":1.74e-8,"d":"1.74E-08"},0.000169847,0.51,false,false,175226,460340,true,0.000176315562694699,30.9001663378312]
["rs4146140","Frailty index","Fractured bone site(s): Leg",10,61885362,"T","C",-0.0198,-0.000378294,0.3811,0.382746,0.0034,{"v":6.827e-9,"d":"6.83E-09"},0.00017338,0.0290001,false,false,175226,460340,true,0.000193504002903054,33.9131077267807]
["rs4952693","Frailty index","Fractured bone site(s): Leg",2,44151808,"T","C",-0.0194,0.0001456,0.3734,0.374267,0.0034,{"v":1.46899e-8,"d":"1.47E-08"},0.00017349,0.4,false,false,175226,460340,true,0.000185766070231026,32.5567218244342]
["rs56299474","Frailty index","Fractured bone site(s): Leg",8,21992804,"A","C",0.0241,{"v":9.70009e-5,"d":"9.70E-05"},0.1733,0.174613,0.0044,{"v":3.94103e-8,"d":"3.94E-08"},0.00022084,0.66,false,false,175226,460340,true,0.000171181109009139,30.0001741080916]
["rs583514","Frailty index","Fractured bone site(s): Leg",3,173114167,"C","T",0.0199,0.000366423,0.5111,0.512385,0.0033,{"v":1.64999e-9,"d":"1.65E-09"},0.000167668,0.0290001,false,false,175226,460340,true,0.000207486386080027,36.3641395783907]
["rs8089807","Frailty index","Fractured bone site(s): Leg",18,39322639,"T","C",-0.0248,-0.000129777,0.1866,0.187466,0.0043,{"v":6.49905e-9,"d":"6.50E-09"},0.000215592,0.55,false,false,175226,460340,true,0.000189795306514884,33.2630059511741]
["rs82334","Frailty index","Fractured bone site(s): Leg",4,3225371,"C","A",-0.0223,-0.000289673,0.3177,0.315357,0.0035,{"v":3.13098e-10,"d":"3.13E-10"},0.000180326,0.11,false,false,175226,460340,true,0.000231619162894,40.5946386951708]
["rs9275160","Frailty index","Fractured bone site(s): Leg",6,32652620,"A","G",0.0382,0.000392558,0.3397,0.342763,0.0035,{"v":7.17629e-28,"d":"7.18E-28"},0.000176326,0.0259998,false,false,175226,460340,true,0.000679355271158443,119.120273018844]

{"sheet":"S7","index":6,"n_rows":13,"n_cols":22,"rows_kept":13,"merged":[[0,0,0,21]]}
["Table S7.  Detailed information of instrumental variables used in causality estimate between Frailty index and Fractured bone site(s): Spine."]
["SNP","exposure","outcome","chr","pos","effect_allele","other_allele","beta.exposure","beta.outcome","eaf.exposure","eaf.outcome","se.exposure","pval.exposure","se.outcome","pval.outcome","palindromic","ambiguous","samplesize.exposure","samplesize.outcome","mr_keep","R2","F statistics"]
["rs10891490","Frailty index","Fractured bone site(s): Spine",11,112885527,"C","T",-0.0188,{"v":4.00912e-5,"d":"4.01E-05"},0.5915,0.593075,0.0034,{"v":2e-8,"d":"2.00E-08"},0.000100612,0.69,false,false,175226,460340,true,{"$f":"H3*H3/(H3*H3+L3*L3*R3)","v":0.00017445505008475},{"$f":"U3*(R3-2)/(1-U3)","v":30.5740454926879}]
["rs1363103","Frailty index","Fractured bone site(s): Spine",5,103917837,"C","T",-0.0191,{"v":3.58688e-5,"d":"3.59E-05"},0.38,0.379212,0.0034,{"v":2.22802e-8,"d":"2.23E-08"},0.000102054,0.73,false,false,175226,460340,true,{"$f":"H4*H4/(H4*H4+L4*L4*R4)","v":0.000180066177145898},{"$f":"U4*(R4-2)/(1-U4)","v":31.557598280295}]
["rs17612102","Frailty index","Fractured bone site(s): Spine",15,52264094,"C","T",0.0187,-0.000161583,0.5933,0.594697,0.0034,{"v":2.84898e-8,"d":"2.85E-08"},0.000100786,0.11,false,false,175226,460340,true,0.000172604400698977,30.2496547316038]
["rs2071207","Frailty index","Fractured bone site(s): Spine",3,50159844,"C","T",-0.0187,-0.00011735,0.478,0.478037,0.0033,{"v":1.467e-8,"d":"1.47E-08"},{"v":9.88379e-5,"d":"9.88E-05"},0.24,false,false,175226,460340,true,0.000183221825840364,32.1107446003067]
["rs2396766","Frailty index","Fractured bone site(s): Spine",7,114318071,"A","G",0.0201,-0.000183099,0.4725,0.469324,0.0033,{"v":1.22e-9,"d":"1.22E-09"},{"v":9.90139e-5,"d":"9.90E-05"},0.064,false,false,175226,460340,true,0.000211677037143921,37.0987501100114]
["rs374943348","Frailty index","Fractured bone site(s): Spine",6,32619856,"A","T",0.0274,0.000179737,0.3605,0.36527,0.0039,{"v":3.22775e-12,"d":"3.23E-12"},0.000116444,0.12,true,false,175226,460340,true,0.000281611927226131,49.3590684386606]
["rs3959554","Frailty index","Fractured bone site(s): Spine",15,41443924,"G","A",0.0189,-0.000249872,0.4177,0.421112,0.0034,{"v":1.74e-8,"d":"1.74E-08"},0.000100227,0.0129999,false,false,175226,460340,true,0.000176315562694699,30.9001663378312]
["rs4146140","Frailty index","Fractured bone site(s): Spine",10,61885362,"T","C",-0.0198,-0.000155379,0.3811,0.382746,0.0034,{"v":6.827e-9,"d":"6.83E-09"},0.000102311,0.13,false,false,175226,460340,true,0.000193504002903054,33.9131077267807]
["rs4952693","Frailty index","Fractured bone site(s): Spine",2,44151808,"T","C",-0.0194,{"v":-8.83837e-5,"d":"-8.84E-05"},0.3734,0.374267,0.0034,{"v":1.46899e-8,"d":"1.47E-08"},0.000102377,0.39,false,false,175226,460340,true,0.000185766070231026,32.5567218244342]
["rs583514","Frailty index","Fractured bone site(s): Spine",3,173114167,"C","T",0.0199,{"v":-3.15538e-6,"d":"-3.16E-06"},0.5111,0.512385,0.0033,{"v":1.64999e-9,"d":"1.65E-09"},{"v":9.89399e-5,"d":"9.89E-05"},0.97,false,false,175226,460340,true,0.000207486386080027,36.3641395783907]
["rs9275160","Frailty index","Fractured bone site(s): Spine",6,32652620,"A","G",0.0382,{"v":-8.7467e-5,"d":"-8.75E-05"},0.3397,0.342763,0.0035,{"v":7.17629e-28,"d":"7.18E-28"},0.00010405,0.4,false,false,175226,460340,true,0.000679355271158443,119.120273018844]

{"sheet":"S8","index":7,"n_rows":17,"n_cols":22,"rows_kept":17,"merged":[[0,0,0,21]]}
["Table S8.  Detailed information of instrumental variables used in causality estimate between Frailty index and Fractured bone site(s): Wrist."]
["SNP","exposure","outcome","chr","pos","effect_allele","other_allele","beta.exposure","beta.outcome","eaf.exposure","eaf.outcome","se.exposure","pval.exposure","se.outcome","pval.outcome","palindromic","ambiguous","samplesize.exposure","samplesize.outcome","mr_keep","R2","F statistics"]
["rs10891490","Frailty index","Fractured bone site(s): Wrist",11,112885527,"C","T",-0.0188,-0.000144599,0.5915,0.593075,0.0034,{"v":2e-8,"d":"2.00E-08"},0.000295473,0.62,false,false,175226,460340,true,{"$f":"H3*H3/(H3*H3+L3*L3*R3)","v":0.00017445505008475},{"$f":"U3*(R3-2)/(1-U3)","v":30.5740454926879}]
["rs12739243","Frailty index","Fractured bone site(s): Wrist",1,210302043,"C","T",-0.0242,-0.000332803,0.2206,0.218151,0.004,{"v":1.279e-9,"d":"1.28E-09"},0.000352182,0.34,false,false,175226,460340,true,{"$f":"H4*H4/(H4*H4+L4*L4*R4)","v":0.000208843754902019},{"$f":"U4*(R4-2)/(1-U4)","v":36.6020822252405}]
["rs1363103","Frailty index","Fractured bone site(s): Wrist",5,103917837,"C","T",-0.0191,-0.000568051,0.38,0.379212,0.0034,{"v":2.22802e-8,"d":"2.23E-08"},0.000299704,0.0580003,false,false,175226,460340,true,0.000180066177145898,31.557598280295]
["rs17612102","Frailty index","Fractured bone site(s): Wrist",15,52264094,"C","T",0.0187,{"v":-7.48141e-5,"d":"-7.48E-05"},0.5933,0.594697,0.0034,{"v":2.84898e-8,"d":"2.85E-08"},0.000295982,0.8,false,false,175226,460340,true,0.000172604400698977,30.2496547316038]
["rs2071207","Frailty index","Fractured bone site(s): Wrist",3,50159844,"C","T",-0.0187,-0.000172475,0.478,0.478037,0.0033,{"v":1.467e-8,"d":"1.47E-08"},0.000290261,0.55,false,false,175226,460340,true,0.000183221825840364,32.1107446003067]
["rs2396766","Frailty index","Fractured bone site(s): Wrist",7,114318071,"A","G",0.0201,0.000154271,0.4725,0.469324,0.0033,{"v":1.22e-9,"d":"1.22E-09"},0.000290775,0.6,false,false,175226,460340,true,0.000211677037143921,37.0987501100114]
["rs374943348","Frailty index","Fractured bone site(s): Wrist",6,32619856,"A","T",0.0274,0.000159044,0.3605,0.36527,0.0039,{"v":3.22775e-12,"d":"3.23E-12"},0.000341961,0.64,true,false,175226,460340,true,0.000281611927226131,49.3590684386606]
["rs3959554","Frailty index","Fractured bone site(s): Wrist",15,41443924,"G","A",0.0189,-0.000202345,0.4177,0.421112,0.0034,{"v":1.74e-8,"d":"1.74E-08"},0.00029434,0.49,false,false,175226,460340,true,0.000176315562694699,30.9001663378312]
["rs4146140","Frailty index","Fractured bone site(s): Wrist",10,61885362,"T","C",-0.0198,-0.000245609,0.3811,0.382746,0.0034,{"v":6.827e-9,"d":"6.83E-09"},0.00030046,0.41,false,false,175226,460340,true,0.000193504002903054,33.9131077267807]
["rs4952693","Frailty index","Fractured bone site(s): Wrist",2,44151808,"T","C",-0.0194,-0.000165299,0.3734,0.374267,0.0034,{"v":1.46899e-8,"d":"1.47E-08"},0.000300647,0.58,false,false,175226,460340,true,0.000185766070231026,32.5567218244342]
["rs56299474","Frailty index","Fractured bone site(s): Wrist",8,21992804,"A","C",0.0241,-0.000570547,0.1733,0.174613,0.0044,{"v":3.94103e-8,"d":"3.94E-08"},0.000382709,0.14,false,false,175226,460340,true,0.000171181109009139,30.0001741080916]
["rs583514","Frailty index","Fractured bone site(s): Wrist",3,173114167,"C","T",0.0199,{"v":-9.30507e-5,"d":"-9.31E-05"},0.5111,0.512385,0.0033,{"v":1.64999e-9,"d":"1.65E-09"},0.000290561,0.75,false,false,175226,460340,true,0.000207486386080027,36.3641395783907]
["rs8089807","Frailty index","Fractured bone site(s): Wrist",18,39322639,"T","C",-0.0248,-0.000312952,0.1866,0.187466,0.0043,{"v":6.49905e-9,"d":"6.50E-09"},0.000373611,0.4,false,false,175226,460340,true,0.000189795306514884,33.2630059511741]
["rs82334","Frailty index","Fractured bone site(s): Wrist",4,3225371,"C","A",-0.0223,{"v":1.79711e-5,"d":"1.80E-05"},0.3177,0.315357,0.0035,{"v":3.13098e-10,"d":"3.13E-10"},0.000312496,0.95,false,false,175226,460340,true,0.000231619162894,40.5946386951708]
["rs9275160","Frailty index","Fractured bone site(s): Wrist",6,32652620,"A","G",0.0382,-0.000354339,0.3397,0.342763,0.0035,{"v":7.17629e-28,"d":"7.18E-28"},0.000305562,0.25,false,false,175226,460340,true,0.000679355271158443,119.120273018844]

{"sheet":"S9","index":8,"n_rows":13,"n_cols":22,"rows_kept":13,"merged":[[0,0,0,21]]}
["Table S9.  Detailed information of instrumental variables used in causality estimate between Frailty index and Falls in the last year."]
["SNP","exposure","outcome","chr","pos","effect_allele","other_allele","beta.exposure","beta.outcome","eaf.exposure","eaf.outcome","se.exposure","pval.exposure","se.outcome","pval.outcome","palindromic","ambiguous","samplesize.exposure","samplesize.outcome","mr_keep","R2","F statistics"]
["rs10891490","Frailty index","Falls in the last year",11,112885527,"C","T",-0.0188,-0.0030251,0.5915,0.593054,0.0034,{"v":2e-8,"d":"2.00E-08"},0.00120462,0.012,false,false,175226,461725,true,{"$f":"H3*H3/(H3*H3+L3*L3*R3)","v":0.00017445505008475},{"$f":"U3*(R3-2)/(1-U3)","v":30.5740454926879}]
["rs17612102","Frailty index","Falls in the last year",15,52264094,"C","T",0.0187,0.00127044,0.5933,0.594676,0.0034,{"v":2.84898e-8,"d":"2.85E-08"},0.00120662,0.29,false,false,175226,461725,true,{"$f":"H4*H4/(H4*H4+L4*L4*R4)","v":0.000172604400698977},{"$f":"U4*(R4-2)/(1-U4)","v":30.2496547316038}]
["rs2071207","Frailty index","Falls in the last year",3,50159844,"C","T",-0.0187,-0.00257842,0.478,0.478016,0.0033,{"v":1.467e-8,"d":"1.47E-08"},0.001183,0.0290001,false,false,175226,461725,true,0.000183221825840364,32.1107446003067]
["rs2396766","Frailty index","Falls in the last year",7,114318071,"A","G",0.0201,0.00183368,0.4725,0.469366,0.0033,{"v":1.22e-9,"d":"1.22E-09"},0.0011854,0.12,false,false,175226,461725,true,0.000211677037143921,37.0987501100114]
["rs374943348","Frailty index","Falls in the last year",6,32619856,"A","T",0.0274,0.000688736,0.3605,0.365295,0.0039,{"v":3.22775e-12,"d":"3.23E-12"},0.00139394,0.62,true,false,175226,461725,true,0.000281611927226131,49.3590684386606]
["rs3959554","Frailty index","Falls in the last year",15,41443924,"G","A",0.0189,0.000592886,0.4177,0.421088,0.0034,{"v":1.74e-8,"d":"1.74E-08"},0.0011998,0.62,false,false,175226,461725,true,0.000176315562694699,30.9001663378312]
["rs4146140","Frailty index","Falls in the last year",10,61885362,"T","C",-0.0198,-0.00178135,0.3811,0.382763,0.0034,{"v":6.827e-9,"d":"6.83E-09"},0.00122478,0.15,false,false,175226,461725,true,0.000193504002903054,33.9131077267807]
["rs4952693","Frailty index","Falls in the last year",2,44151808,"T","C",-0.0194,-0.000904993,0.3734,0.374184,0.0034,{"v":1.46899e-8,"d":"1.47E-08"},0.00122543,0.46,false,false,175226,461725,true,0.000185766070231026,32.5567218244342]
["rs583514","Frailty index","Falls in the last year",3,173114167,"C","T",0.0199,0.00205972,0.5111,0.512349,0.0033,{"v":1.64999e-9,"d":"1.65E-09"},0.00118443,0.0819993,false,false,175226,461725,true,0.000207486386080027,36.3641395783907]
["rs82334","Frailty index","Falls in the last year",4,3225371,"C","A",-0.0223,-0.000943319,0.3177,0.315401,0.0035,{"v":3.13098e-10,"d":"3.13E-10"},0.00127362,0.46,false,false,175226,461725,true,0.000231619162894,40.5946386951708]
["rs9275160","Frailty index","Falls in the last year",6,32652620,"A","G",0.0382,0.00358672,0.3397,0.342827,0.0035,{"v":7.17629e-28,"d":"7.18E-28"},0.00124573,0.004,false,false,175226,461725,true,0.000679355271158443,119.120273018844]

{"sheet":"S10","index":9,"n_rows":14,"n_cols":22,"rows_kept":14,"merged":[[0,0,0,21]]}
["Table S10.  Detailed information of instrumental variables used in causality estimate between Frailty index and Falling risk."]
["SNP","exposure","outcome","chr","pos","effect_allele","other_allele","beta.exposure","beta.outcome","eaf.exposure","eaf.outcome","se.exposure","pval.exposure","se.outcome","pval.outcome","palindromic","ambiguous","samplesize.exposure","samplesize.outcome","mr_keep","R2","F statistics"]
["rs10891490","Frailty index","Falling risk",11,112885527,"C","T",-0.0188,-0.00920493,0.5915,0.593196,0.0034,{"v":2e-8,"d":"2.00E-08"},0.00456852,0.0430002,false,false,175226,451179,true,{"$f":"H3*H3/(H3*H3+L3*L3*R3)","v":0.00017445505008475},{"$f":"U3*(R3-2)/(1-U3)","v":30.5740454926879}]
["rs17612102","Frailty index","Falling risk",15,52264094,"C","T",0.0187,0.00406129,0.5933,0.594427,0.0034,{"v":2.84898e-8,"d":"2.85E-08"},0.00457449,0.37,false,false,175226,451179,true,{"$f":"H4*H4/(H4*H4+L4*L4*R4)","v":0.000172604400698977},{"$f":"U4*(R4-2)/(1-U4)","v":30.2496547316038}]
["rs2071207","Frailty index","Falling risk",3,50159844,"C","T",-0.0187,-0.00805102,0.478,0.475371,0.0033,{"v":1.467e-8,"d":"1.47E-08"},0.00449109,0.0739997,false,false,175226,451179,true,0.000183221825840364,32.1107446003067]
["rs2396766","Frailty index","Falling risk",7,114318071,"A","G",0.0201,0.00335758,0.4725,0.472799,0.0033,{"v":1.22e-9,"d":"1.22E-09"},0.00449871,0.450001,false,false,175226,451179,true,0.000211677037143921,37.0987501100114]
["rs374943348","Frailty index","Falling risk",6,32619856,"A","T",0.0274,-0.000225309,0.3605,0.366026,0.0039,{"v":3.22775e-12,"d":"3.23E-12"},0.00528342,0.97,true,false,175226,451179,true,0.000281611927226131,49.3590684386606]
["rs3959554","Frailty index","Falling risk",15,41443924,"G","A",0.0189,0.0022179,0.4177,0.420642,0.0034,{"v":1.74e-8,"d":"1.74E-08"},0.00454973,0.62,false,false,175226,451179,true,0.000176315562694699,30.9001663378312]
["rs4146140","Frailty index","Falling risk",10,61885362,"T","C",-0.0198,-0.00811264,0.3811,0.382694,0.0034,{"v":6.827e-9,"d":"6.83E-09"},0.00464359,0.0819993,false,false,175226,451179,true,0.000193504002903054,33.9131077267807]
["rs4952693","Frailty index","Falling risk",2,44151808,"T","C",-0.0194,-0.00145935,0.3734,0.373092,0.0034,{"v":1.46899e-8,"d":"1.47E-08"},0.00464912,0.75,false,false,175226,451179,true,0.000185766070231026,32.5567218244342]
["rs56299474","Frailty index","Falling risk",8,21992804,"A","C",0.0241,-0.000818704,0.1733,0.173638,0.0044,{"v":3.94103e-8,"d":"3.94E-08"},0.00592909,0.88,false,false,175226,451179,true,0.000171181109009139,30.0001741080916]
["rs583514","Frailty index","Falling risk",3,173114167,"C","T",0.0199,0.00794454,0.5111,0.512154,0.0033,{"v":1.64999e-9,"d":"1.65E-09"},0.00449014,0.0749998,false,false,175226,451179,true,0.000207486386080027,36.3641395783907]
["rs82334","Frailty index","Falling risk",4,3225371,"C","A",-0.0223,-0.00359626,0.3177,0.316416,0.0035,{"v":3.13098e-10,"d":"3.13E-10"},0.00482613,0.450001,false,false,175226,451179,true,0.000231619162894,40.5946386951708]
["rs9275160","Frailty index","Falling risk",6,32652620,"A","G",0.0382,0.0127206,0.3397,0.340955,0.0035,{"v":7.17629e-28,"d":"7.18E-28"},0.00473836,0.00710003,false,false,175226,451179,true,0.000679355271158443,119.120273018844]